Rama del metal (Record no. 117421)

MARC details
000 -LEADER
campo de control de longitud fija 00758nam a2200193 4500
001 - NÚMERO DE CONTROL
campo de control 117421
003 - IDENTIFICADOR DE NÚMERO DE CONTROL
campo de control ES-MaACL
005 - FECHA Y HORA DE LA ÚLTIMA TRANSACCIÓN
campo de control 20230906190912.0
007 - CAMPO FIJO DE DESCRIPCIÓN FÍSICA--INFORMACIÓN GENERAL
campo de control de longitud fija t|
008 - DATOS DE LONGITUD FIJA--INFORMACIÓN GENERAL
campo de control de longitud fija 070214s1966 sp r ||||1| spa d
100 1# - ENTRADA PRINCIPAL--NOMBRE DE PERSONA
Nombre de persona Peciña Espadas, José.
9 (RLIN) 89852
245 10 - MENCIÓN DEL TÍTULO
Título Rama del metal
Resto del título : taller, Curso segundo, fresa /
Mención de responsabilidad, etc. [por José Peciña Espadas y Julián Manrique Lorenzo].
260 ## - PUBLICACIÓN, DISTRIBUCIÓN, ETC.
Lugar de publicación, distribución, etc. Madrid :
Nombre del editor, distribuidor, etc. Centro Nacional de Formación del Profesorado y Monitores,
Fecha de publicación, distribución, etc. 1966.
300 ## - DESCRIPCIÓN FÍSICA
Extensión 175 p. :
Otras características físicas il ;
Dimensiones 26 cm.
500 ## - NOTA GENERAL
Nota general Precede al tit. : Obra Sindical de Formación Profesional.
700 1# - ENTRADA AGREGADA--NOMBRE PERSONAL
Nombre de persona Manrique Lorenzo, Julián.
9 (RLIN) 76106
710 2# - ENTRADA AGREGADA--NOMBRE DE ENTIDAD CORPORATIVA
Nombre de entidad corporativa o nombre de jurisdicción como elemento de entrada Centro Nacional de Formación del Profesorado y Monitores (España)
9 (RLIN) 2766
852 ## - LOCALIZACIÓN
Ubicación ES-MaACL
Número de control de estantería C-29721
Sublocalización o colección R.61936
Holdings
Estatus retirado Estado de pérdida Estado de daño No para préstamo Biblioteca de origen Biblioteca actual Ubicación en estantería Fecha de adquisición Fuente de adquisición Total de préstamos Signatura topográfica completa Código de barras Visto por última vez Precio de reemplazo Tipo de ítem Koha
        Biblioteca del Ateneo de Madrid Biblioteca del Ateneo de Madrid Depósito 2 17/01/2008     C-29721 1122422 23/02/2023 23/02/2023 Libro impreso